The inside story; psychiatry and everyday life (Record no. 1425)
[ view plain ]
| 000 -LEADER | |
|---|---|
| fixed length control field | 00636nam a2200193 a 4500 |
| 005 - DATE AND TIME OF LATEST TRANSACTION | |
| control field | 20260322212059.0 |
| 008 - FIXED-LENGTH DATA ELEMENTS--GENERAL INFORMATION | |
| fixed length control field | data |
| 010 ## - LIBRARY OF CONGRESS CONTROL NUMBER | |
| LC control number | 52-12211 |
| 096 ## - LOCALLY ASSIGNED NLM-TYPE CALL NUMBER (OCLC) | |
| Classification number | WM 75 R248i 1955 |
| 001 - CONTROL NUMBER | |
| control field | data |
| 100 1# - MAIN ENTRY--PERSONAL NAME | |
| Personal name | Redlich, Fredrick Carl, |
| Dates associated with a name | 1910- |
| 245 14 - TITLE STATEMENT | |
| Title | The inside story; psychiatry and everyday life |
| Statement of responsibility, etc. | Text written by June Bingham with the collaboration of Jacob Levine; comp. under the direction of Fritz Redlich. |
| 260 ## - PUBLICATION, DISTRIBUTION, ETC. | |
| Place of publication, distribution, etc. | New York |
| Name of publisher, distributor, etc. | Knopf |
| Date of publication, distribution, etc. | c1953 |
| 300 ## - PHYSICAL DESCRIPTION | |
| Extent | xiv, 280 p. ; |
| Dimensions | illus. |
| 500 ## - GENERAL NOTE | |
| General note | Bibliography: p. 272-278. |
| 650 02 - SUBJECT ADDED ENTRY--TOPICAL TERM | |
| Topical term or geographic name entry element | Mental Health |
| Form subdivision | popular works |
| 650 02 - SUBJECT ADDED ENTRY--TOPICAL TERM | |
| Topical term or geographic name entry element | Psychiatry |
| Form subdivision | popular works |
| 700 1# - ADDED ENTRY--PERSONAL NAME | |
| Personal name | Bingham, June |
| Withdrawn status | Lost status | Damaged status | Not for loan | Home library | Current library | Shelving location | Date acquired | Total checkouts | Full call number | Barcode | Date last seen | Price effective from | Koha item type |
|---|---|---|---|---|---|---|---|---|---|---|---|---|---|
| Riverside | Riverside | General stacks | 22/03/2026 | GEN | BC0011472 | 22/03/2026 | 22/03/2026 | Books |